000 00891cab a2200193 4500
001 L135890
008 061214n2006 000 0 eng u
035 _a(Sirsi) u135890
041 0 _aeng
100 1 _aIves, Paul
245 0 0 _aSheffield offices
_bpublic sector demand plugs private sector gaps
260 _c2006
490 0 _aProperty Forecast
_v9(11) November 2006, 12-13(2)
520 _aDiscusses the prospects of the office market in Sheffield, where high growth rates are predicted. The regeneration of the city centre is considered to be positively affecting the market in Sheffield, and in particular, attracting the relocation of Government services to the city. Includes graphs depicting the growth in office demand in Sheffield.
590 _aKA
651 4 _aSHEFFIELD
690 _aPROPERTY-COMMERCIAL PROPERTY-COMMERCIAL PROPERTY FINANCE AND INVESTMENT
942 _n0
999 _c78062
_d78062